<?xml version="1.0" encoding="UTF-8"?>
<record
    xmlns:xsi="http://www.w3.org/2001/XMLSchema-instance"
    xsi:schemaLocation="http://www.loc.gov/MARC21/slim http://www.loc.gov/standards/marcxml/schema/MARC21slim.xsd"
    xmlns="http://www.loc.gov/MARC21/slim">

  <leader>00637nam a22002177a 4500</leader>
  <datafield tag="952" ind1=" " ind2=" ">
    <subfield code="a">0001</subfield>
    <subfield code="b">0001</subfield>
    <subfield code="d">2021-06-21</subfield>
    <subfield code="l">0</subfield>
    <subfield code="o">833.914 K63t 2021</subfield>
    <subfield code="p">019919</subfield>
    <subfield code="r">2021-06-21 00:00:00</subfield>
    <subfield code="w">2021-06-21</subfield>
    <subfield code="x">&#x130;lksat&#x131;r Yay&#x131;nevi Ba&#x11F;&#x131;&#x15F;&#x131;d&#x131;r.</subfield>
    <subfield code="y">BKS</subfield>
  </datafield>
  <datafield tag="999" ind1=" " ind2=" ">
    <subfield code="c">14432</subfield>
    <subfield code="d">14432</subfield>
  </datafield>
  <controlfield tag="003">TR-AnCHP</controlfield>
  <controlfield tag="005">20210621163325.0</controlfield>
  <controlfield tag="008">210621b        tu ||||| |||| 00| 0 tur d</controlfield>
  <datafield tag="020" ind1=" " ind2=" ">
    <subfield code="a">9786057017840</subfield>
  </datafield>
  <datafield tag="040" ind1=" " ind2=" ">
    <subfield code="a">TR-AnCHP</subfield>
    <subfield code="c">TR-AnCHP</subfield>
  </datafield>
  <datafield tag="041" ind1="1" ind2=" ">
    <subfield code="a">tur</subfield>
  </datafield>
  <datafield tag="082" ind1="0" ind2="4">
    <subfield code="a">833.91</subfield>
    <subfield code="b">K63t 2021</subfield>
  </datafield>
  <datafield tag="100" ind1=" " ind2=" ">
    <subfield code="a">Koester, Elsa</subfield>
  </datafield>
  <datafield tag="245" ind1="1" ind2="0">
    <subfield code="a">Tar&#xE7;&#x131;nl&#x131; Kuskus /</subfield>
    <subfield code="c">Elsa Koester ; &#xE7;eviri G&#xFC;lderen Pamir.</subfield>
  </datafield>
  <datafield tag="260" ind1=" " ind2=" ">
    <subfield code="a">&#x130;stanbul :</subfield>
    <subfield code="b">&#x130;lksat&#x131;r Yay&#x131;nlar&#x131;,</subfield>
    <subfield code="c">2021.</subfield>
  </datafield>
  <datafield tag="300" ind1=" " ind2=" ">
    <subfield code="a">404 s. :</subfield>
    <subfield code="c">21 sm.</subfield>
  </datafield>
  <datafield tag="490" ind1="0" ind2=" ">
    <subfield code="a">&#x130;lksat&#x131;r Yay&#x131;nevi ;</subfield>
    <subfield code="v">14.</subfield>
  </datafield>
  <datafield tag="650" ind1=" " ind2="0">
    <subfield code="a">Alman edebiyat&#x131;</subfield>
    <subfield code="9">26</subfield>
    <subfield code="x">Roman</subfield>
  </datafield>
  <datafield tag="700" ind1=" " ind2=" ">
    <subfield code="a">Pamir, G&#xFC;lderen</subfield>
    <subfield code="9">6718</subfield>
    <subfield code="e">&#xE7;ev.</subfield>
  </datafield>
  <datafield tag="942" ind1=" " ind2=" ">
    <subfield code="2">ddc</subfield>
    <subfield code="c">BKS</subfield>
  </datafield>
</record>
